Elektrické lineární obvody

Guardado en:
Detalles Bibliográficos
Autor principal: Kvasil, Josef (Autor)
Formato: Libro
Lenguaje:checo
Publicado: Praha : Nakladatelství dopravy a spojů, 1967
Edición:1. vyd.
Etiquetas: Agregar Etiqueta
Sin Etiquetas, Sea el primero en etiquetar este registro!

MARC

LEADER 00000nam a22000003a 4500
001 stu52876
005 20150617225704.4
008 000329s1967----cs------------------cze-d
040 |a STU  |b slo 
041 0 |a cze 
044 |a cs 
080 |a 621.3-501.12 
100 1 |a Kvasil, Josef  |4 aut 
245 1 |a Elektrické lineární obvody 
250 |a 1. vyd. 
260 |a Praha :  |b Nakladatelství dopravy a spojů,  |c 1967 
300 |a 384 s 
996 |b 284EK03728  |c E*18748  |l EE01  |s A  |a 24  |w stu52876_0001